000 00371cam a2200169 4500
001 D13627
008 090401t1948 xxu||||| |||| 00| 0 eng d
035 _a(Sirsi) u10888
041 _aeng
100 _aPippard, W.R.M.
245 _aBuilding supervision
260 _bE & F N Spon
_c1948
350 _a0
520 _aShelf 133
942 _n0
948 _c04/03/1997
999 _c86780
_d86780